1067 1766 1793 1696 1284 1011 1233 1064 1633 1413 1991 1657 1416 1691 1830 1753 1970 1021 1475 1520 1719 1368 1046 1450 1213 1774 1389 1986 1931 1808 1861 1658 1078 1592 1397 1313 1643 1067 1114 1369 1381 1531 1573 1576 1191 1264 1945 1882 1602 1576 1585 1114 1571 1918 1699 1012 1429 1851 1058 1507 1810 1302 1693 1777 1657 1292 1242 1470 1588 1499 1675 1367 1054 1107 1644 1364 1385 1207 1850 1372 1337 1749 1071 1394 1607 1947 1405 1386 1532 1574 1107 1629 1604 1570 1822 1960 1608 1739 1927 BCNSPRNW ULIB Ver.6.0+V

เปลี่ยนเป็นภาษาไทย

Change to English
 แสดงรายละเอียดบรรณานุกรม
  กลับหน้าหลัก

Brief Record : Get Marc (ISO 2709) : E-mail record : QR code < ปิดหน้าต่าง
LEADER : 00000nam 2200000uu 4500
001    13399123523
003     ULIB
008    141003s2556||||th 000 0 tha d
020    ^a9786165516921
060  0 ^aWS200^bจ451น
100    ^aจิตลัดดา ดีโรจนวงศ์
245    ^aแนวทางการดูแลรักษาปัญหาทางระบบหายใจที่พบบ่อยในเด็ก/^cจิตลัดดา ดีโรจนวงศ์
246 0  Practical Approach to common respiratory problems in children
260    ^aบียอนด์ เอ็นเทอร์ไพรซ์ :^bกรุงเทพมหานคร,^c2556
300    ^a348 หน้า
500    ^aCough Chronic Cough Chest Pain Hemoptysis Noisy Breathing Acute Wheezing Recurrent Wheezing Apparent Life Threatening Events Recuurrent Persistent Pneumonia Common Respiratory Diseases
650    ^aปัญหาทางระบบหายใจ
945    ^p0^l0^i036069
945    ^p0^l0^i036070
945    ^p0^l0^i036071
945    ^p0^l0^i036072
945    ^p0^l0^i036073
945    ^p0^l0^i036074
945    ^p0^l0^i036075
999    ^aเกษร โพธิ์สุวรรณ
รายการนี้ยังไม่มีแท็ก
คุณยังไม่ได้ล็อกอิน คุณสามารถมีกิจกรรมร่วมกับเว็บไซต์ได้ แต่ต้องล็อกอินก่อน ::
  ล็อกอิน

รายการสื่อสารสนเทศ

ลำดับที่ ประเภท เลขเรียก/บาร์โค้ด สถานที่ สถานะ
1. วิทยาศาสตร์การแพทย์ และสุขภาพ
หนังสือสำรอง
สถานะ=หนังสือสำรอง
WS200 จ451น ฉ.1 
  Barcode: 036069
ห้องสมุดวิทยาเขตสวรรค์ประชารักษ์
►ส่วนจัดเก็บหนังสือเก่า สปร
บนชั้น
  ขอยืม
2. วิทยาศาสตร์การแพทย์ และสุขภาพ
วิทยาศาสตร์การแพทย์ และสุขภาพ
WS200 จ451น ฉ.2 
  Barcode: 036070
ห้องสมุดวิทยาเขตสวรรค์ประชารักษ์
►ส่วนจัดเก็บหนังสือเก่า สปร
บนชั้น
  ขอยืม
3. วิทยาศาสตร์การแพทย์ และสุขภาพ
วิทยาศาสตร์การแพทย์ และสุขภาพ
WS200 จ451น ฉ.3 
  Barcode: 036071
ห้องสมุดวิทยาเขตสวรรค์ประชารักษ์
►ส่วนจัดเก็บหนังสือเก่า สปร
บนชั้น
  ขอยืม
4. วิทยาศาสตร์การแพทย์ และสุขภาพ
วิทยาศาสตร์การแพทย์ และสุขภาพ
WS200 จ451น ฉ.4 
  Barcode: 036072
ห้องสมุดวิทยาเขตสวรรค์ประชารักษ์
►ส่วนจัดเก็บหนังสือเก่า สปร
บนชั้น
  ขอยืม
5. วิทยาศาสตร์การแพทย์ และสุขภาพ
วิทยาศาสตร์การแพทย์ และสุขภาพ
WS200 จ451น ฉ.5 
  Barcode: 036073
ห้องสมุดวิทยาเขตสวรรค์ประชารักษ์
►ส่วนจัดเก็บหนังสือเก่า สปร
บนชั้น
  ขอยืม
6. วิทยาศาสตร์การแพทย์ และสุขภาพ
วิทยาศาสตร์การแพทย์ และสุขภาพ
WS200 จ451น ฉ.6 
  Barcode: 036074
ห้องสมุดวิทยาเขตสวรรค์ประชารักษ์
►ส่วนจัดเก็บหนังสือเก่า สปร
บนชั้น
  ขอยืม
7. วิทยาศาสตร์การแพทย์ และสุขภาพ
วิทยาศาสตร์การแพทย์ และสุขภาพ
WS200 จ451น ฉ.7 
  Barcode: 036075
ห้องสมุดวิทยาเขตสวรรค์ประชารักษ์
►ส่วนจัดเก็บหนังสือเก่า สปร
บนชั้น
  ขอยืม

รายการใกล้เคียง
    ผู้แต่ง [จิตลัดดา ดีโรจนวงศ์]

    หัวเรื่อง [ปัญหาทางระบบหายใจ]

BibComment


ยังไม่เคยถูกคอมเมนท์

คอมเมนท์ทรัพยากรรายการนี้
  คอมเมนท์: แนวทางการดูแลรัก..


 Copyright 2026. Bcnsprnw @Library